Honk! honk! (Record no. 2015)
[ view plain ]
| 000 -LEADER | |
|---|---|
| fixed length control field | 01131nam a22003137a 4500 |
| 001 - CONTROL NUMBER | |
| control field | 2015 |
| 003 - CONTROL NUMBER IDENTIFIER | |
| control field | FISKH |
| 005 - DATE AND TIME OF LATEST TRANSACTION | |
| control field | 20231027160036.0 |
| 008 - FIXED-LENGTH DATA ELEMENTS--GENERAL INFORMATION | |
| fixed length control field | 091104s2009 enka j 0 eng |
| 016 7# - NATIONAL BIBLIOGRAPHIC AGENCY CONTROL NUMBER | |
| Record control number | 015410274 |
| Source | Uk |
| 020 ## - INTERNATIONAL STANDARD BOOK NUMBER | |
| International Standard Book Number | 9780312506421 |
| 020 ## - INTERNATIONAL STANDARD BOOK NUMBER | |
| International Standard Book Number | 0312506422 |
| 040 ## - CATALOGING SOURCE | |
| Original cataloging agency | Uk |
| Language of cataloging | eng |
| Transcribing agency | Uk |
| 050 ## - LIBRARY OF CONGRESS CALL NUMBER | |
| Classification number | TL230.15 |
| 082 ## - DEWEY DECIMAL CLASSIFICATION NUMBER | |
| Classification number | 629.224 |
| 100 ## - MAIN ENTRY--PERSONAL NAME | |
| Personal name | Priddy, Roger |
| 245 00 - TITLE STATEMENT | |
| Title | Honk! honk! |
| 260 ## - PUBLICATION, DISTRIBUTION, ETC. | |
| Place of publication, distribution, etc. | New York : |
| Name of publisher, distributor, etc. | Priddy, |
| Date of publication, distribution, etc. | 2009. |
| 300 ## - PHYSICAL DESCRIPTION | |
| Extent | 12 unnumbered pages : |
| Other physical details | color illustrations ; |
| Dimensions | 27 cm |
| 490 0# - SERIES STATEMENT | |
| Series statement | Baby touch and feel |
| 500 ## - GENERAL NOTE | |
| General note | Touch and feel board book. |
| 505 ## - FORMATTED CONTENTS NOTE | |
| Formatted contents note | B<br/> |
| 520 ## - SUMMARY, ETC. | |
| Summary, etc. | Honk Honk baby touch and feel A big rig with a front grille you can feel, a dump truck with a scratchy load in the back,a firetruck with shiny lights on top, a backhoe loader with plastic windows you can see through, a pickup truck and a concrete truck round out the trucking fun in this board book designed to capture the attention of toddlers. Great for one and up. |
| 521 8# - TARGET AUDIENCE NOTE | |
| Target audience note | 40<br/> |
| Source | Lexile estimate<br/> |
| 521 8# - TARGET AUDIENCE NOTE | |
| Target audience note | B<br/> |
| Source | Raz-Plus<br/> |
| 650 ## - SUBJECT ADDED ENTRY--TOPICAL TERM | |
| Topical term or geographic name entry element | Honk |
| 650 ## - SUBJECT ADDED ENTRY--TOPICAL TERM | |
| Topical term or geographic name entry element | Truck |
| 942 ## - ADDED ENTRY ELEMENTS (KOHA) | |
| Source of classification or shelving scheme | Dewey Decimal Classification |
| Koha item type | Books |
| Suppress in OPAC | No |
| Withdrawn status | Lost status | Source of classification or shelving scheme | Damaged status | Not for loan | Collection | Home library | Current library | Shelving location | Date acquired | Total Checkouts | Full call number | Barcode | Date due | Date last seen | Date last checked out | Price effective from | Koha item type |
|---|---|---|---|---|---|---|---|---|---|---|---|---|---|---|---|---|---|
| Dewey Decimal Classification | Non-Fiction | Footprints International School Library Network Toul Kork Campus | Footprints International School Library Network Toul Kork Campus | TK Primary Library Room(4th Floor), Bookcase 7, Shelves 57-60, Dark Green Books | 10/27/2023 | 3 | PRI 629.224 TL230.15 | FISTK02863 | 09/03/2025 | 08/20/2025 | 08/20/2025 | 10/27/2023 | Books |
